Vykoupení /
Češka, Němec a Angličan - tři životy, které by se nikdy neprotnuly, nebýt jedné letecké katastrofy. V napínavém dramatu o lásce, zradě a osudových křižovatkách se ukáže, že někdy musí přijít konec, abychom mohli začít žít.
Uloženo v:
| Hlavní autor: | |
|---|---|
| Další autoři: | |
| Médium: | E-kniha |
| Jazyk: | Czech |
| Vydáno: |
V Praze :
XYZ,
2026
|
| Vydání: | Vydání první |
| Témata: | |
| Tagy: |
Žádné tagy |
| LEADER | 02278nam a2200409 i 4500 | ||
|---|---|---|---|
| 001 | 312928 | ||
| 003 | CZ PrSKC | ||
| 005 | 20260601215731.0 | ||
| 007 | ta | ||
| 008 | 260323s2026 xr g 000 f cze | ||
| 015 | |a cnb003746254 | ||
| 020 | |a 9788026770190 |q (brožováno) : |c Kč 449,00 | ||
| 040 | |a ABG001 |b cze |e rda | ||
| 041 | 1 | |a cze |h hrv | |
| 072 | 7 | |a 821.163 |x Jihoslovanské literatury |2 Konspekt | |
| 080 | |a 821.163.42-31 |2 MRF | ||
| 080 | |a (0:82-31) |2 MRF | ||
| 100 | 1 | |a Radulić, Hana, |d 1969- |7 xx0149739 |4 aut | |
| 240 | 1 | 0 | |a Iskupljenja. |l Česky |
| 245 | 1 | 0 | |a Vykoupení / |c Hana Radulićová ; z chorvatštiny přeložil Pavel Pilch |
| 250 | |a Vydání první | ||
| 264 | 1 | |a V Praze : |b XYZ, |c 2026 | |
| 300 | |a 359 stran ; |c 21 cm | ||
| 336 | |a text |b txt |2 rdacontent | ||
| 337 | |a bez média |b n |2 rdamedia | ||
| 338 | |a svazek |b nc |2 rdacarrier | ||
| 520 | 2 | |a Češka, Němec a Angličan - tři životy, které by se nikdy neprotnuly, nebýt jedné letecké katastrofy. V napínavém dramatu o lásce, zradě a osudových křižovatkách se ukáže, že někdy musí přijít konec, abychom mohli začít žít. |b Alexandra před lety riskovala vše pro lásku, ale minulost ji dostihne v ten nejhorší moment a nyní musí najít sílu odpustit. Pilot Stefan roky maskuje praskliny v dokonalém manželství. Jak daleko je ochoten zajít, aby si zachoval lásku ženy, kterou miluje? Robert je černá ovce rodiny, již pohltilo jedno děsivé rozhodnutí. Dnes mu zbývá poslední šance na vykoupení. Nakladatelská anotace. Kráceno. | |
| 655 | 7 | |a chorvatské romány |7 fd131963 |2 czenas | |
| 655 | 9 | |a Croatian fiction |2 eczenas | |
| 700 | 1 | |a Pilch, Pavel, |d 1986- |7 xx0188967 |4 trl | |
| 710 | 2 | |a XYZ (nakladatelství) |7 xx0213151 |4 pbl | |
| 900 | |a ABA001 |b 20 | ||
| 928 | 9 | |a Albatros Media - XYZ | |
| 044 | |a xr | ||
| 910 | |a RBIT002 | ||
| 998 | |d 425275 |a https://core.palmknihy.cz/api/books/425275/cover?tbemcm |b https://core.palmknihy.cz/api/books/425275/cover/400?tbemcm |c https://core.palmknihy.cz/api/books/425275/cover/50?tbemcm |e 2035-12-31 |g 360 |i 9788026770190 |j https://core.palmknihy.cz/api/books/425275/preview.epub |k https://core.palmknihy.cz/api/books/425275/preview.pdf |l |q 49 |r 1 |s https://www.palmknihy.cz/kniha/425275 |t ebook |y 2026 |z 0 | ||
| 999 | |d 312926 | ||